| 000 | 00858nam a22002297a 4500 | ||
|---|---|---|---|
| 999 |
_c64332 _d64332 |
||
| 005 | 20240530110726.0 | ||
| 008 | 180422s2016 ua h f b 000 0 ara d | ||
| 017 |
_a2016/16651 _bمصر. دار الكتب |
||
| 020 | _a978977919176 | ||
| 040 |
_aEG-CaGPL _cEG-CaGPL |
||
| 082 | 0 | 4 |
_221 _a930.1 / _bق/ب آ |
| 100 | 0 | _aبسام الشماع | |
| 245 | 1 | 0 |
_aاثارنا على ضفتى قناة السويس / _cبسام الشماع |
| 260 |
_aالقاهرة : _bالهيئة المصرية العامة للكتاب ، _c2016. |
||
| 300 |
_a103 ص. : _bصور ؛ _c24 سم. |
||
| 504 | _aيشتمل على ارجاعات ببليوجرافية | ||
| 650 | 0 | 7 |
_2qrmak _aالاثار |
| 650 | 0 | 7 |
_2qrmak _aالاثار _zمصر |
| 650 | 0 | 7 |
_2qrmak _aالاثار _xقناة السويس |
| 942 |
_2ddc _cBK |
||